[Event "South Moravia Region-chT 2223"]
[Site "Czech Republic"]
[Date "2023.03.19"]
[Round "10.8"]
[White "Moulis, Rudolf"]
[Black "Hubeny, Pavel"]
[Result "1-0"]
[WhiteElo "1829"]
[BlackElo "1804"]
[PlyCount "95"]
[EventDate "2022.10.09"]
[EventType "team-tourn"]
[EventRounds "11"]
[EventCountry "CZE"]
[SourceTitle "EXT 2024"]
[Source "ChessBase"]
[SourceDate "2023.10.10"]
[SourceVersion "1"]
[SourceVersionDate "2023.10.10"]
[SourceQuality "1"]

1. e4 e5 2. Nf3 Nc6 3. d4 exd4 4. Bc4 Bc5 5. Ng5 Nh6 6. Nxf7 Nxf7 7. Bxf7+ Kxf7 8. Qh5+ g6 9. Qxc5 d6 10. Qa3 Qe7 11. f3 Be6 12. Nd2 Rhf8 13. Nf1 Kg8 14. Bh6 Rf7 15. h4 Qf6 16. 0-0-0 Qe5 17. Nd2 Qb5 18. Nb3 Bxb3 19. Qxb3 Qxb3 20. axb3 Re8 21. h5 Re5 22. hxg6 hxg6 23. Bd2 Rh7 24. Rxh7 Kxh7 25. g4 Re7 26. Bg5 Rf7 27. f4 Kg8 28. Re1 Rh7 29. e5 dxe5 30. fxe5 Kf7 31. e6+ Ke8 32. Rf1 Ne7 33. Kd2 c5 34. Kd3 Nc6 35. Kc4 b6 36. Kd5 Ne7+ 37. Kd6 Nc8+ 38. Ke5 Ne7 39. Kd6 Nc8+ 40. Ke5 Ne7 41. Rf2 Nc8 42. c3 dxc3 43. bxc3 Ne7 44. Rd2 Nc6+ 45. Kd6 Na5 46. e7 Nxb3 47. Rf2 Rh8 48. Bh6 1-0

[Event "EUR-ch Seniors 50"]
[Site "Prague"]
[Date "2021.09.03"]
[Round "5.1"]
[White "Nudcenko, Karel"]
[Black "Hubeny, Pavel"]
[Result "1-0"]
[WhiteElo "2033"]
[BlackElo "1763"]
[PlyCount "85"]
[EventDate "2021.08.30"]
[EventType "team-tourn"]
[EventRounds "9"]
[EventCountry "CZE"]
[SourceTitle "CBM 204 Extra"]
[Source "ChessBase"]
[SourceDate "2021.11.30"]
[SourceVersion "1"]
[SourceVersionDate "2021.11.30"]
[SourceQuality "1"]
[WhiteTeam "Udlice Sokol 50"]
[BlackTeam "Boskovice Makkabi 50"]
[WhiteTeamCountry "CZE"]
[BlackTeamCountry "CZE"]

1. e4 e5 2. Nf3 Nc6 3. Bb5 a6 4. Bxc6 dxc6 5. 0-0 Bg4 6. h3 Bxf3 7. Qxf3 Qf6 8. Qb3 0-0-0 9. d3 Bd6 10. Nd2 Ne7 11. Nc4 g5 12. Be3 c5 13. c3 Nc6 14. Rfd1 h5 15. g3 Qg6 16. Qa3 f5 17. Bxc5 f4 18. Bxd6 cxd6 19. Rd2 d5 20. Nb6+ Kb8 21. Nxd5 Qe6 22. Kg2 Rxd5 23. exd5 Qxd5+ 24. Kh2 e4 25. Qb3 Qd6 26. Re2 fxg3+ 27. fxg3 h4 28. Re3 Ne5 29. Rf1 hxg3+ 30. Kg2 g4 31. Rxg3 gxh3+ 32. Rxh3 Rxh3 33. Qg8+ Ka7 34. Kxh3 Qxd3+ 35. Kg2 Nf3 36. Qg3 Qb5 37. Qf2+ Kb8 38. Rh1 a5 39. a4 Qf5 40. Rh8+ Kc7 41. Qg3+ Qe5 42. Rh7+ Kc6 43. Qg6+ 1-0

[Event "EUR-ch Seniors 50"]
[Site "Prague"]
[Date "2021.09.02"]
[Round "4.1"]
[White "Hubeny, Pavel"]
[Black "Richtrova, Eliska"]
[Result "0-1"]
[WhiteElo "1763"]
[BlackElo "2186"]
[PlyCount "68"]
[EventDate "2021.08.30"]
[EventType "team-tourn"]
[EventRounds "9"]
[EventCountry "CZE"]
[SourceTitle "CBM 204 Extra"]
[Source "ChessBase"]
[SourceDate "2021.11.30"]
[SourceVersion "1"]
[SourceVersionDate "2021.11.30"]
[SourceQuality "1"]
[WhiteTeam "Boskovice Makkabi 50"]
[BlackTeam "Czech Republic (Women) 50"]
[WhiteTeamCountry "CZE"]
[BlackTeamCountry "CZE"]

1. e4 e5 2. Nf3 d6 3. Bc4 c6 4. Bb3 Be7 5. c3 Nf6 6. d3 0-0 7. 0-0 Nbd7 8. Be3 Qc7 9. Nbd2 d5 10. h3 Re8 11. Nh2 Nc5 12. Bc2 Bd6 13. f3 d4 14. Bg5 Nh5 15. Ng4 h6 16. Bh4 Nf4 17. Nb3 Nce6 18. Bf2 c5 19. Rc1 Qe7 20. cxd4 exd4 21. Nd2 h5 22. e5 Bc7 23. Nf6+ gxf6 24. Ne4 fxe5 25. Ba4 Rf8 26. g4 Nxh3+ 27. Kh1 hxg4 28. fxg4 Kg7 29. Bg3 Rh8 30. Kg2 Nhf4+ 31. Kg1 b5 32. Bb3 Bb7 33. Bxe6 Bxe4 34. dxe4 fxe6 0-1

[Event "EUR-ch Seniors 50"]
[Site "Prague"]
[Date "2021.08.30"]
[Round "1.1"]
[White "Hubeny, Pavel"]
[Black "Malinovsky, Petr"]
[Result "1/2-1/2"]
[WhiteElo "1763"]
[BlackElo "2076"]
[PlyCount "83"]
[EventDate "2021.08.30"]
[EventType "team-tourn"]
[EventRounds "9"]
[EventCountry "CZE"]
[SourceTitle "CBM 204 Extra"]
[Source "ChessBase"]
[SourceDate "2021.11.30"]
[SourceVersion "1"]
[SourceVersionDate "2021.11.30"]
[SourceQuality "1"]
[WhiteTeam "Boskovice Makkabi 50"]
[BlackTeam "Pardubice Bohemia 50"]
[WhiteTeamCountry "CZE"]
[BlackTeamCountry "CZE"]

1. e4 c5 2. f4 d5 3. e5 Nc6 4. Nf3 Bg4 5. Bb5 Qb6 6. Bxc6+ Qxc6 7. h3 Bxf3 8. Qxf3 e6 9. c4 Ne7 10. d3 0-0-0 11. Nc3 Nf5 12. 0-0 h5 13. a4 Be7 14. a5 Nd4 15. Qf2 Rdg8 16. a6 b6 17. Be3 Nf5 18. Nb5 Kb8 19. Qf3 Nh4 20. Qe2 d4 21. Bd2 g5 22. f5 Nxf5 23. Rxf5 exf5 24. Re1 Rg6 25. h4 Rhg8 26. e6 Rxe6 27. Qxh5 gxh4 28. Bf4+ Bd6 29. Bxd6+ Rxd6 30. Re2 Rdg6 31. Re4 Rxg2+ 32. Kh1 R2g5 33. Qxf7 Rg1+ 34. Kh2 R1g2+ 35. Kh1 Rg1+ 36. Kh2 R8g2+ 37. Kh3 Rg3+ 38. Kh2 R3g2+ 39. Kh3 Rg3+ 40. Kh2 R3g2+ 41. Kh3 Rg3+ 42. Kh2 1/2-1/2

[Event "Valasska Bystrice op"]
[Site "Valasska Bystrice"]
[Date "2016.09.16"]
[Round "8"]
[White "Hubeny, Pavel"]
[Black "Sabolova, Kristyna"]
[Result "0-1"]
[WhiteElo "1905"]
[BlackElo "1845"]
[PlyCount "116"]
[EventDate "2016.09.10"]
[EventType "swiss"]
[EventRounds "9"]
[EventCountry "CZE"]
[SourceTitle "CBM 174 Extra"]
[Source "ChessBase"]
[SourceDate "2016.10.10"]
[SourceVersion "1"]
[SourceVersionDate "2016.10.10"]
[SourceQuality "1"]

1. e4 c6 2. d4 d5 3. e5 Bf5 4. g4 Be4 5. f3 Bg6 6. h4 h5 7. Bd3 Bxd3 8. Qxd3 e6 9. Bg5 Qa5+ 10. c3 c5 11. Ne2 Nc6 12. Nd2 cxd4 13. cxd4 Be7 14. Bxe7 Ngxe7 15. a3 Ng6 16. g5 Nce7 17. Ng3 Nf8 18. Rc1 g6 19. Kf2 Nd7 20. Nb3 Qb6 21. f4 Nc6 22. Rhe1 0-0-0 23. Re2 Kb8 24. Nc5 Na5 25. b4 Nc4 26. Nge4 Nxc5 27. dxc5 Qc6 28. Ng3 Rc8 29. Rec2 b6 30. cxb6 axb6 31. Ne2 Qa4 32. Rc3 b5 33. Nd4 Rc7 34. Nb3 Qxa3 35. Nc5 Qa7 36. Rb1 Rhc8 37. Rcc1 Qb6 38. Ra1 Ra7 39. Qd4 Rc6 40. Rxa7 Qxa7 41. Ra1 Qe7 42. Na6+ Kc8 43. Nc5 Kb8 44. Ra2 Rxc5 45. bxc5 Qc7 46. Ke2 b4 47. Ra4 Qb7 48. c6 Qxc6 49. Qa7+ Kc8 50. Rxb4 Nb6 51. Kd3 Nd7 52. Kd4 Kd8 53. Ra4 Ke7 54. Rb4 Qc2 55. Qa6 Qd2+ 56. Qd3 Qxb4+ 57. Ke3 Nc5 58. Qc2 Qc4 0-1

[Event "Valasska Bystrice op"]
[Site "Valasska Bystrice"]
[Date "2016.09.11"]
[Round "2"]
[White "Hubeny, Pavel"]
[Black "Volodin, Viktor Nikolaevich"]
[Result "0-1"]
[WhiteElo "1905"]
[BlackElo "2174"]
[PlyCount "84"]
[EventDate "2016.09.10"]
[EventType "swiss"]
[EventRounds "9"]
[EventCountry "CZE"]
[SourceTitle "CBM 174 Extra"]
[Source "ChessBase"]
[SourceDate "2016.10.10"]
[SourceVersion "1"]
[SourceVersionDate "2016.10.10"]
[SourceQuality "1"]

1. e4 d5 2. exd5 Qxd5 3. d4 Nf6 4. Nf3 c6 5. Nc3 Qd6 6. h3 Bf5 7. Bd3 Bxd3 8. Qxd3 Nbd7 9. Be3 e6 10. 0-0-0 Be7 11. Ne4 Qd5 12. Nc3 Qa5 13. Kb1 Nd5 14. Nxd5 cxd5 15. h4 Bd6 16. Ng5 Nf6 17. f3 Qc7 18. Nh3 0-0-0 19. Rc1 Kb8 20. c4 dxc4 21. Rxc4 Qa5 22. Ng5 Rd7 23. Rhc1 Nd5 24. Bd2 Qd8 25. Qe4 Nb6 26. R4c2 h6 27. Nh3 Nd5 28. Ng1 Rc7 29. Rxc7 Bxc7 30. Qg4 Nf6 31. Qxg7 Rh7 32. Qxh6 Rxh6 33. Bxh6 Qxd4 34. Ne2 Qd3+ 35. Rc2 Nd5 36. Nc1 Qg6 37. Bd2 Bf4 38. Bxf4+ Nxf4 39. g4 Nd5 40. h5 Qh7 41. Ne2 Ne3 42. Nd4 Qd3 0-1

[Event "Pardubice Chladek&Tintera op"]
[Site "Pardubice"]
[Date "2014.07.16"]
[Round "1"]
[White "Hubeny, Pavel"]
[Black "Yakovlev, Egor"]
[Result "0-1"]
[WhiteElo "1829"]
[BlackElo "2034"]
[PlyCount "36"]
[EventDate "2014.07.16"]
[EventType "swiss (rapid)"]
[EventRounds "9"]
[EventCountry "CZE"]
[SourceTitle "EXT 2015"]
[Source "ChessBase"]
[SourceDate "2014.11.20"]
[SourceVersion "1"]
[SourceVersionDate "2014.11.20"]
[SourceQuality "1"]

1. e4 c5 2. f4 a6 3. Nf3 b5 4. b3 Bb7 5. d3 e6 6. Bb2 Nf6 7. Nbd2 Nc6 8. Qe2 d5 9. e5 Nd7 10. g3 g6 11. Bg2 Nb6 12. c4 dxc4 13. dxc4 Nb4 14. Kf2 Nd3+ 15. Ke3 Nxb2 16. cxb5 c4 17. Ne4 Bxe4 18. Kxe4 Qd5+ 0-1

[Event "Bohemia South-chT 0405"]
[Site "Czech Republic"]
[Date "2005.??.??"]
[Round "?"]
[White "Kudlacek, Jaroslav"]
[Black "Hubeny, Pavel"]
[Result "0-1"]
[WhiteElo "1960"]
[BlackElo "1830"]
[PlyCount "84"]
[EventDate "2004.10.??"]
[EventType "team"]
[EventRounds "11"]
[EventCountry "CZE"]
[SourceTitle "EXT 2007"]
[Source "ChessBase"]
[SourceDate "2006.11.23"]
[SourceVersion "1"]
[SourceVersionDate "2006.11.23"]
[SourceQuality "1"]

1. d4 f5 2. g3 Nf6 3. Bg2 e6 4. Nf3 c5 5. c3 Qb6 6. 0-0 Be7 7. b3 0-0 8. Nbd2 d5 9. Qc2 Ne4 10. e3 Nc6 11. Bb2 Bd7 12. Ne5 Nxe5 13. dxe5 Qc7 14. c4 Nxd2 15. Qxd2 dxc4 16. bxc4 Bc6 17. Rfd1 Bxg2 18. Kxg2 Rfd8 19. Qc2 Qc6+ 20. f3 a6 21. Bc3 Rxd1 22. Rxd1 Rd8 23. Kf2 Kf7 24. Ke2 b5 25. Ba5 Rxd1 26. Qxd1 Ke8 27. Qd3 bxc4 28. Qxc4 Qb5 29. Qxb5+ axb5 30. Kd3 Kd7 31. h3 Kc6 32. e4 g6 33. Bd2 Bd8 34. g4 c4+ 35. Kc2 fxe4 36. fxe4 Bc7 37. Bc3 Kc5 38. a3 Bd8 39. Kd1 Bg5 40. Kc2 Be3 41. Kd1 Bd4 42. Bb4+ Kc6 0-1

[Event "Chrudim op"]
[Site "Chrudim"]
[Date "2004.07.08"]
[Round "4"]
[White "Kus, Miroslav"]
[Black "Hubeny, Pavel"]
[Result "0-1"]
[WhiteElo "1250"]
[BlackElo "1879"]
[PlyCount "72"]
[EventDate "2004.07.06"]
[EventType "swiss"]
[EventRounds "9"]
[EventCountry "CZE"]
[SourceTitle "EXT 2006"]
[Source "ChessBase"]
[SourceDate "2005.11.24"]
[SourceVersion "1"]
[SourceVersionDate "2005.11.24"]
[SourceQuality "1"]

1. e4 e5 2. f4 Bc5 3. Nf3 d6 4. d3 Bg4 5. g3 Nc6 6. h3 Bxf3 7. Qxf3 Nd4 8. Qg2 Qf6 9. Nc3 c6 10. b3 Bb4 11. Bb2 exf4 12. 0-0-0 f3 13. Qf2 Ne7 14. Na4 Ba3 15. Bxa3 Ne2+ 16. Bxe2 b5 17. Bb2 Qg5+ 18. Rd2 fxe2 19. Nc3 0-0 20. Nxe2 f5 21. Qd4 c5 22. Qxd6 c4 23. bxc4 fxe4 24. Qe6+ Kh8 25. Qxe4 bxc4 26. Qxc4 Rac8 27. Qd4 Nf5 28. Qxa7 Rxc2+ 29. Kxc2 Rc8+ 30. Bc3 Ne3+ 31. Kc1 Nd5 32. h4 Qg4 33. Rf1 h6 34. Rf7 Nxc3 35. Nxc3 Rxc3+ 36. Kb2 Qb4+ 0-1